Introducción al pensamiento filosófico

সংরক্ষণ করুন:
গ্রন্থ-পঞ্জীর বিবরন
প্রধান লেখক: Volkmann-Schluck, K-H
বিন্যাস: গ্রন্থ
ভাষা:Undetermined
প্রকাশিত: Madrid, España Gredos 1967
বিষয়গুলি:
ট্যাগগুলো: ট্যাগ যুক্ত করুন
কোনো ট্যাগ নেই, প্রথমজন হিসাবে ট্যাগ করুন!

MARC

LEADER 00000nam a2200000Ia 4500
008 170316s9999 xx 000 0 und d
090 |a 100 V-22i 
100 |a Volkmann-Schluck, K-H. 
245 |a Introducción al pensamiento filosófico 
260 |a Madrid, España 
260 |b Gredos 
260 |c 1967 
300 |a 199 páginas 
650 |a FILOSOFÍA 
999 |c 17860  |d 17860 
040 |a cru BVZT 
942 |c 15 D  |h 100 V-22i  |2 z